Site waste (Record no. 106412)

MARC details
000 -LEADER
fixed length control field 01076cam a2200217 4500
001 - CONTROL NUMBER
control field ##L136501
008 - FIXED-LENGTH DATA ELEMENTS--GENERAL INFORMATION
fixed length control field 070205n 000 0 eng u
035 ## - SYSTEM CONTROL NUMBER
System control number (Sirsi) u136501
041 0# - LANGUAGE CODE
Language code of text/sound track or separate title eng
050 04 - LIBRARY OF CONGRESS CALL NUMBER
Classification number 614.76 $2 18
110 2# - MAIN ENTRY--CORPORATE NAME
Corporate name or jurisdiction name as entry element NetRegs
9 (RLIN) 5113
245 00 - TITLE STATEMENT
Title Site waste
Remainder of title it's criminal
-- a simple guide to site waste management plans
Medium [electronic resource]
260 ## - PUBLICATION, DISTRIBUTION, ETC.
Place of publication, distribution, etc. [S.l.]
Name of publisher, distributor, etc. NetRegs
Date of publication, distribution, etc. [2007?]
520 ## - SUMMARY, ETC.
Summary, etc. Emphasises the importance of Site Waste Management Plans (SWMP) to construction businesses and provides practical guidance on how to prepare for SWMPs becoming law in April 2008. Explains what a SWMP is, why they are required and the benefits of having one. Outlines simple steps to help businesses create a SWMP and provides a SWMP checklist.
590 ## - LOCAL NOTE (RLIN)
Local note KA
650 24 - SUBJECT ADDED ENTRY--TOPICAL TERM
Topical term or geographic name entry element SITE WASTE MANAGEMENT PLANS
651 #4 - SUBJECT ADDED ENTRY--GEOGRAPHIC NAME
Geographic name England and Wales
Chronological subdivision 1543-
690 ## - LOCAL SUBJECT ADDED ENTRY--TOPICAL TERM (OCLC, RLIN)
Topical term or geographic name as entry element ENVIRONMENTAL AND LAND CONSULTANCY-WASTE MANAGEMENT
856 40 - ELECTRONIC LOCATION AND ACCESS
Uniform Resource Identifier <a href="https://www.netregs.gov.uk/netregs/legislation/380525/1555007">https://www.netregs.gov.uk/netregs/legislation/380525/1555007</a>
Public note View the guide free of charge at www.netregs.gov.uk...
942 ## - ADDED ENTRY ELEMENTS (KOHA)
Suppress in OPAC 0
Holdings
Withdrawn status Lost status Source of classification or shelving scheme Damaged status Not for loan Home library Current library Shelving location Date acquired Total Checkouts Full call number Barcode Date last seen Copy number Price effective from Koha item type
    Dewey Decimal Classification     Virtual Virtual Online 05/02/2007   ONLINE PUBLICATION 136501-2001 06/08/2019 1 06/08/2019 Book